| 000 | 00691nam a2200181 a 4500 | ||
|---|---|---|---|
| 001 | 000034832 | ||
| 005 | 20200930073930.0 | ||
| 008 | 111020s1955 ag 000 0 spa d | ||
| 040 |
_aDO-SdBNP _bspa _cBNPHU |
||
| 082 |
_axxxx _bxxxx |
||
| 100 | 1 |
_aMerani, Alberto L. _960349 |
|
| 245 | 1 | 3 |
_aEl despertar de la inteligencia : _bpsicología del primer año de vida / _cAlberto L. Merani ; prólogo Sergio Levi. |
| 260 |
_aBuenos Aires, : _bPsique, _c1955. |
||
| 300 |
_a146 p. ; _c21 cm. |
||
| 504 | _aIncluye referencias bibliográficas y notas al pie de las páginas | ||
| 590 | _aPerteneció a la biblioteca personal de Juan Isidro Jimenes Grullón | ||
| 700 | 1 |
_aLevi, Sergio, _epról. _960352 |
|
| 999 |
_c34323 _d34323 |
||